|
|
|
|
| LEADER |
01474nam a22002777a 4500 |
| 001 |
42063 |
| 003 |
BD-DhAAL |
| 008 |
240110t1999 bg ||||| b||| 001 0 ben d |
| 020 |
|
|
|a 9840738072
|
| 040 |
|
|
|a BD-DhAAL
|c BD-DhAAL
|
| 041 |
|
|
|a ben
|
| 082 |
|
|
|a 954.14
|2 23
|
| 100 |
|
|
|a ইনাম-উল-হক, মুহাম্মদ.
|9 55913
|
| 245 |
|
|
|a বাংলার ইতিহাস :
|b ভারতে ইংরেজ রাজত্বের সূচনাপর্ব,
|n ১৬৯৮-১৭১৪ /
|c মুহাম্মদ ইনাম-উল-হক.
|
| 246 |
|
|
|a Banglar itihash :
|b bharate ingrej rajotyer suchana parba (1689-1714)
|
| 246 |
|
|
|a History of Bengal :
|b introductory chapter of the English rule in India (1689-1714)
|
| 264 |
|
|
|a ঢাকা :
|b বাংলা একাডেমী,
|c ১৯৯৯.
|
| 300 |
|
|
|a [তের], ২১৫ পৃষ্ঠা ;
|c ২২ সে.মি.
|
| 504 |
|
|
|a গ্রন্থপঞ্জিগত নির্দেশিকা ও নির্ঘণ্ট অন্তর্ভুক্ত।
|
| 526 |
|
|
|a BIED
|
| 541 |
|
|
|a Complimentary copy from BIED
|e 42063
|
| 651 |
|
|
|a Bengal (India)
|x History.
|
| 852 |
|
|
|a Ayesha Abed Library
|c General Stacks
|
| 942 |
|
|
|2 ddc
|c BK
|
| 999 |
|
|
|c 46289
|d 46289
|
| 952 |
|
|
|0 0
|1 0
|2 ddc
|4 0
|6 954_140000000000000_INA
|7 0
|9 74937
|a BRACUL
|b BRACUL
|c GEN
|d 2024-01-10
|e Complimentary copy from BIED
|g 100.00
|l 1
|m 1
|o 954.14 INA
|p 3010042063
|r 2025-10-14
|s 2025-10-04
|t 1
|w 2024-01-10
|y BK
|x BIED-2140
|